| 000 | 00390pab a2200169 454500 | ||
|---|---|---|---|
| 008 | 180718b2009 xxu||||| |||| 00| 0 eng d | ||
| 100 | _aArun Kumar | ||
| 245 | _aState of the economy and interim budget 2009-10 | ||
| 260 | _c2009 | ||
| 300 | _ap.5-6, 35. | ||
| 362 | _a21 Feb | ||
| 650 | _aBudget - India | ||
| 650 | _aBudget | ||
| 773 | _aMainstream | ||
| 908 | _aN | ||
| 909 | _a81557 | ||
| 999 |
_c81557 _d81557 |
||